000 00747nam a2200241Ia 4500
003 OSt
005 20220925235330.0
006 a|||||r|||| 00| 0
007 ta
008 220923b |||||||| |||| 00| 0 eng d
020 _a9788189524678
_c30
037 _b876, 12/03/2013, Pranami Book Service
_cGeneral Book
040 _aRTL
_cRTL
_beng
041 _2eng
_aeng
082 _aY15-73(Q7):471, Q1
100 _aBARLAS Asma
_9301214
245 0 _aQuran and women's liberation.
260 _a New Delhi
_bCritical Quest
_c2011
300 _a39p. Bib: p 38-39
_ccm.
650 _aSociology
942 _hY15-73(Q7):471, Q1
_cGB
_2CC
999 _c597173
_d597173